Principios generales sobre el arte de lectura / (Record no. 23649)

MARC details
000 -LEADER
campo de control de longitud fija 00678nam a2200205 i 4500
001 - NÚMERO DE CONTROL
campo de control 23649
003 - IDENTIFICADOR DE NÚMERO DE CONTROL
campo de control ES-MaACL
005 - FECHA Y HORA DE LA ÚLTIMA TRANSACCIÓN
campo de control 20250822050635.0
007 - CAMPO FIJO DE DESCRIPCIÓN FÍSICA--INFORMACIÓN GENERAL
campo de control de longitud fija t|
008 - DATOS DE LONGITUD FIJA--INFORMACIÓN GENERAL
campo de control de longitud fija 021211s1896 sp ||||1| spa d
100 1# - ENTRADA PRINCIPAL--NOMBRE DE PERSONA
Nombre de persona Anchorena, José.
9 (RLIN) 21402
245 10 - MENCIÓN DEL TÍTULO
Título Principios generales sobre el arte de lectura /
Mención de responsabilidad, etc. José Anchorena ; con un recuerdo [de Jose Anchorena] de Miguel Moya.
250 ## - MENCION DE EDICION
Mención de edición 3ª ed.
260 ## - PUBLICACIÓN, DISTRIBUCIÓN, ETC.
Lugar de publicación, distribución, etc. Madrid :
Nombre del editor, distribuidor, etc. [s.n.],
Fecha de publicación, distribución, etc. 1896 (
Fabricante Imp. de los Hijos de J.M. Ducazcal)
300 ## - DESCRIPCIÓN FÍSICA
Extensión VII, 99 p. ;
Dimensiones 18 cm.
650 07 - PUNTO DE ACCESO ADICIONAL DE MATERIA--TÉRMINO DE MATERIA
Término de materia o nombre geográfico como elemento de entrada Lectura
Fuente del encabezamiento o término embne
9 (RLIN) 14059
700 1# - ENTRADA AGREGADA--NOMBRE PERSONAL
Nombre de persona Moya, Miguel,
Fechas asociadas al nombre 1856-1920
9 (RLIN) 158750
852 ## - LOCALIZACIÓN
Ubicación ES-MaACL
Número de control de estantería T-1344-F-4
Holdings
Estatus retirado Estado de pérdida Estado de daño No para préstamo Colección Biblioteca de origen Biblioteca actual Ubicación en estantería Fecha de adquisición Fuente de adquisición Total de préstamos Signatura topográfica completa Código de barras Visto por última vez Precio de reemplazo Tipo de ítem Koha
        Colección de folletos Biblioteca del Ateneo de Madrid Biblioteca del Ateneo de Madrid Depósito folletos 17/01/2008     T-1344-F-4 1024372 23/02/2023 23/02/2023 Folleto